| 000 | 02460nam a2200421 i 4500 | ||
|---|---|---|---|
| 001 | 193882 | ||
| 003 | SpMaBN | ||
| 005 | 20250711063121.0 | ||
| 008 | 240201s2023 sp a | |||| 000 1 spa | ||
| 015 | _aMON23 | ||
| 017 |
_aZ 1436-2023 _bOficina Depósito Legal Zaragoza |
||
| 020 | _a9788412637847 | ||
| 040 |
_aSpMaBN _bspa _cSpMaBN _erda |
||
| 080 | _a929 Labordeta, José Antonio (0:82) | ||
| 080 | _a821.134.2-91"19" | ||
| 080 | _a741.52 | ||
| 100 |
_aViñuales, Daniel, _d1967- _9235329 _eaut |
||
| 245 | 1 | 0 |
_a¿A dónde vas Labordeta? / _cguión, Daniel Viñuales ; dibujos, Carlos Azagra y Encarna Revuelta, coordinación Paula Labordeta. |
| 264 | 1 |
_aZaragoza : _bFundación José Antonio Labordeta, _bGP Ediciones, _c[2023]. |
|
| 300 |
_a89 páginas : _bprincipalmente ilustraciones (color) ; _c24 cm. |
||
| 336 |
_aImagen fija _aTexto _2rdacontent |
||
| 337 |
_asin mediación _2rdamedia |
||
| 338 |
_avolumen _2rdacarrier |
||
| 500 | _aPublicada como volumen 3 de una trilogía sin título. | ||
| 520 | _aViñuales, Azagra y Revuelta vuelven al ataque con un nuevo título de su protagonista más emblemático, José Antonio Labordeta. Humor y surrealismo a partes iguales en un cómic donde vamos a descubrir los entresijos de los rodajes de la mítica serie de RTVE "Un país en la mochila" que protagonizó entre 1995 y 2000 José Antonio Labordeta. El espacio recorría lugares singulares de la geografía española en el que José Antonio, siempre con un tono campechano y una actitud de curiosidad sobre todo lo que salía a su encuentro, recorría caminos y senderos para acercarse a la realidad de un paisaje que estaba a punto de cambiar. | ||
| 600 | 1 | 7 |
_aLabordeta, José Antonio, _d1935-2010 _9240356 _2embne |
| 655 | 7 |
_aCómics _2tgfbne _9226827 |
|
| 700 |
_aAzagra, Carlos, _d1957- _9235333 _eill |
||
| 700 |
_aRevuelta Medialdea, Encarna, _d1958- _9235334 _eill |
||
| 700 |
_aLabordeta, Paula _9235335 _epbl |
||
| 852 |
_aES-MaACL _bR.154999 _cDEPOJ _jN-9746 _gDedicatoria autógrafa de Azagra _hDonación: Fundación José Antonio Labordeta _xEncuadernación cartoné _9205411 |
||
| 914 |
_aFundación José Antonio Labordeta _ednr |
||
| 942 |
_cMONOGRAFIA _n0 |
||
| 999 |
_c193882 _d193882 |
||